Muhammad : (Record no. 26561)
[ view plain ]
| 000 -LEADER | |
|---|---|
| fixed length control field | 01197cam a22002895a 4500 |
| 005 - DATE AND TIME OF LATEST TRANSACTION | |
| control field | 20180503124555.0 |
| 008 - FIXED-LENGTH DATA ELEMENTS--GENERAL INFORMATION | |
| fixed length control field | 070927s2006 vtua gr b 001 0beng d |
| 020 ## - INTERNATIONAL STANDARD BOOK NUMBER | |
| International Standard Book Number | 1594771537 |
| 020 ## - INTERNATIONAL STANDARD BOOK NUMBER | |
| International Standard Book Number | 9781594771538 |
| 040 ## - CATALOGING SOURCE | |
| Original cataloging agency | DLC |
| Transcribing agency | DLC |
| Modifying agency | DLC |
| -- | EG-ScBUE |
| Language of cataloging | eng |
| 043 ## - GEOGRAPHIC AREA CODE | |
| Geographic area code | a-su--- |
| 082 04 - DEWEY DECIMAL CLASSIFICATION NUMBER | |
| Edition number | 22 |
| Classification number | 297.63 |
| Item number | LIN |
| 100 1# - MAIN ENTRY--PERSONAL NAME | |
| Personal name | Lings, Martin. |
| 245 10 - TITLE STATEMENT | |
| Title | Muhammad : |
| Remainder of title | his life based on the earliest sources / |
| Statement of responsibility, etc | Martin Lings. |
| 250 ## - EDITION STATEMENT | |
| Edition statement | 2nd. ed., Revised ed. |
| 260 ## - PUBLICATION, DISTRIBUTION, ETC. (IMPRINT) | |
| Place of publication, distribution, etc | Rochester : |
| Name of publisher, distributor, etc | Inner Traditions, |
| Date of publication, distribution, etc | 2006. |
| 300 ## - PHYSICAL DESCRIPTION | |
| Extent | x, 374 p. : |
| Other physical details | ill. ; |
| Dimensions | 24 cm. |
| 504 ## - BIBLIOGRAPHY, ETC. NOTE | |
| Bibliography, etc | Includes bibliographical references and index. |
| 600 #7 - SUBJECT ADDED ENTRY--PERSONAL NAME | |
| Personal name | Muhammad |
| Titles and other words associated with a name | Prophet |
| Dates associated with a name | -632 |
| Form subdivision | Biography. |
| 650 #7 - SUBJECT ADDED ENTRY--TOPICAL TERM | |
| Topical term or geographic name as entry element | Muslims |
| Geographic subdivision | Saudi Arabia |
| Form subdivision | Biography. |
| Source of heading or term | BUEsh |
| 653 ## - INDEX TERM--UNCONTROLLED | |
| Resource For college | Generalities |
| Arrived date list | April2018 |
| -- | May2018 |
| 856 41 - ELECTRONIC LOCATION AND ACCESS | |
| Materials specified | Sample text |
| Uniform Resource Identifier | <a href="http://www.loc.gov/catdir/enhancements/fy0801/2007279734-s.html">http://www.loc.gov/catdir/enhancements/fy0801/2007279734-s.html</a> |
| 856 42 - ELECTRONIC LOCATION AND ACCESS | |
| Materials specified | Contributor biographical information |
| Uniform Resource Identifier | <a href="http://www.loc.gov/catdir/enhancements/fy0801/2007279734-b.html">http://www.loc.gov/catdir/enhancements/fy0801/2007279734-b.html</a> |
| 856 42 - ELECTRONIC LOCATION AND ACCESS | |
| Materials specified | Publisher description |
| Uniform Resource Identifier | <a href="http://www.loc.gov/catdir/enhancements/fy0801/2007279734-d.html">http://www.loc.gov/catdir/enhancements/fy0801/2007279734-d.html</a> |
| 856 41 - ELECTRONIC LOCATION AND ACCESS | |
| Materials specified | Table of contents only |
| Uniform Resource Identifier | <a href="http://www.loc.gov/catdir/enhancements/fy0801/2007279734-t.html">http://www.loc.gov/catdir/enhancements/fy0801/2007279734-t.html</a> |
| 942 ## - ADDED ENTRY ELEMENTS (KOHA) | |
| Source of classification or shelving scheme | Dewey Decimal Classification |
| Withdrawn status | Item status | Source of classification or shelving scheme | Damaged status | Not for loan | Home library | Current library | Shelving location | Date acquired | Source of acquisition | Total Checkouts | Full call number | Barcode | Checked out | Date last seen | Date last borrowed | Koha item type |
|---|---|---|---|---|---|---|---|---|---|---|---|---|---|---|---|---|
| Dewey Decimal Classification | Central Library | Central Library | Lower Floor | 21/04/2018 | Donation | 2 | 297.63 LIN | 000043211 | 10/05/2026 | 03/05/2026 | 03/05/2026 | Book - Borrowing |